| 000 | 00830nam a2200325 a 4500 | ||
|---|---|---|---|
| 003 | AR-BaBNM | ||
| 005 | 20251128203957.0 | ||
| 008 | 082120s2002 ||||||||||||||000 | spa|| | ||
| 020 | _a950-12-1903-8 | ||
| 040 | _cAR-BaBNM | ||
| 100 | 1 | _aGrosskurth, Phyllis | |
| 245 | 0 | 0 |
_aMelanie Klein _bsu mundo y su obra |
| 250 | _a1ª ed. | ||
| 260 |
_aBuenos Aires _bPaidós _c1990 |
||
| 300 |
_a552 p. _bil. |
||
| 500 | _aContiene apéndices y referencias | ||
| 504 | _aContiene bibliografía: p. 509-525 | ||
| 650 | 4 | _aBIOGRAFIAS | |
| 650 | 4 | _aPSICOANALISIS | |
| 650 | 4 | _aPSICOTERAPIA | |
| 650 | 4 | _aPSICOLOGIA CLINICA | |
| 650 | 4 | _aCONDUCTA | |
| 650 | 4 | _aPSICOMETRIA | |
| 650 | 4 | _aHISTORIA | |
| 651 | 4 | _aAustria | |
| 655 | _aBIOGRAFIAS | ||
| 700 | 1 |
_aSinnot, Eduardo _etraductor |
|
| 942 | _cBK | ||
| 998 | _cEnrique | ||
| 999 |
_c5680 _d5680 |
||